| 000 | 00617nam a2200229Ia 4500 | ||
|---|---|---|---|
| 003 | OSt | ||
| 005 | 20221007082035.0 | ||
| 006 | a|||||r|||| 00| 0 | ||
| 007 | ta | ||
| 008 | 221006b |||||||| |||| 00| 0 eng d | ||
| 024 | _a25,441 | ||
| 037 | _cTextual | ||
| 040 |
_aFLL _cFLL _beng |
||
| 041 |
_2eng _aeng |
||
| 082 | _aY1:4511:6(S:86)y, K8 | ||
| 100 | _aMacdonald John M. | ||
| 245 | 0 | _aHomicidal threats | |
| 260 |
_aU.S.A. _bCharles C Thomas U.S.A. _c1968 |
||
| 300 |
_aix,1-123p _ccm. |
||
| 942 |
_hY1:4511:6(S:86)y, K8 _cTEXL _2CC |
||
| 999 |
_c1165125 _d1165125 |
||